<?xml version="1.0" encoding="UTF-8"?>
<record
    xmlns:xsi="http://www.w3.org/2001/XMLSchema-instance"
    xsi:schemaLocation="http://www.loc.gov/MARC21/slim http://www.loc.gov/standards/marcxml/schema/MARC21slim.xsd"
    xmlns="http://www.loc.gov/MARC21/slim">

  <leader>01158cas a2200313 i 4500</leader>
  <controlfield tag="001">000016175</controlfield>
  <controlfield tag="003">DO-SdBNP</controlfield>
  <controlfield tag="005">20260317133558.0</controlfield>
  <controlfield tag="007">ta</controlfield>
  <controlfield tag="008">100226c1910    dr mr p|r    ||   |0spa d</controlfield>
  <datafield tag="040" ind1=" " ind2=" ">
    <subfield code="a">DO-SdBNP</subfield>
    <subfield code="c">spa</subfield>
    <subfield code="b">DO-SdBNP</subfield>
    <subfield code="e">rda</subfield>
  </datafield>
  <datafield tag="041" ind1=" " ind2=" ">
    <subfield code="h">spa</subfield>
  </datafield>
  <datafield tag="043" ind1=" " ind2=" ">
    <subfield code="a">nwdr---</subfield>
  </datafield>
  <datafield tag="110" ind1=" " ind2=" ">
    <subfield code="a">Ateneo Dominicano </subfield>
    <subfield code="9">81190</subfield>
  </datafield>
  <datafield tag="245" ind1="0" ind2="0">
    <subfield code="a">Ateneo :</subfield>
    <subfield code="b">revista mensual del Ateneo dominicano.</subfield>
  </datafield>
  <datafield tag="264" ind1=" " ind2=" ">
    <subfield code="a">Santo Domingo, Rep&#xFA;blica Dominicana :</subfield>
    <subfield code="b">Ateneo Dominicano, </subfield>
    <subfield code="c">1910.</subfield>
  </datafield>
  <datafield tag="300" ind1=" " ind2=" ">
    <subfield code="a">volumen :</subfield>
    <subfield code="b">ilustraciones ;</subfield>
    <subfield code="c">27 cm.</subfield>
  </datafield>
  <datafield tag="310" ind1=" " ind2=" ">
    <subfield code="a">Mensual.</subfield>
  </datafield>
  <datafield tag="336" ind1=" " ind2=" ">
    <subfield code="a">texto</subfield>
    <subfield code="b">txt </subfield>
    <subfield code="2">rdacontent</subfield>
  </datafield>
  <datafield tag="337" ind1=" " ind2=" ">
    <subfield code="a">sin mediaci&#xF3;n </subfield>
    <subfield code="b">n</subfield>
    <subfield code="2">rdacarrier</subfield>
  </datafield>
  <datafield tag="338" ind1=" " ind2=" ">
    <subfield code="a">volumen</subfield>
    <subfield code="b">nc </subfield>
    <subfield code="2">rdacarrier</subfield>
  </datafield>
  <datafield tag="362" ind1="0" ind2=" ">
    <subfield code="a">A&#xF1;o 1. Nos. 2 y 3 (abril de 1910).</subfield>
  </datafield>
  <datafield tag="500" ind1=" " ind2=" ">
    <subfield code="a">Catalogaci&#xF3;n basada en el n&#xFA;mero: A&#xF1;o 1. Nos. 2 y 3 (abril de 1910).</subfield>
  </datafield>
  <datafield tag="500" ind1=" " ind2=" ">
    <subfield code="a">Director: Federico Henr&#xED;quez y Carvajal.</subfield>
  </datafield>
  <datafield tag="650" ind1=" " ind2="0">
    <subfield code="a">Academias, sociedades doctas, etc</subfield>
    <subfield code="v">Publicaciones peri&#xF3;dicas </subfield>
    <subfield code="9">89061</subfield>
    <subfield code="z">Rep&#xFA;blica Dominicana</subfield>
  </datafield>
  <datafield tag="650" ind1=" " ind2="0">
    <subfield code="a">Cultura</subfield>
    <subfield code="v">Publicaciones peri&#xF3;dicas </subfield>
    <subfield code="z">Rep&#xFA;blica Dominicana</subfield>
    <subfield code="9">89224</subfield>
  </datafield>
  <datafield tag="700" ind1=" " ind2=" ">
    <subfield code="a">Henr&#xED;quez y Carvajal, Federico</subfield>
    <subfield code="9">89062</subfield>
    <subfield code="e">director</subfield>
  </datafield>
  <datafield tag="942" ind1=" " ind2=" ">
    <subfield code="2">ddc</subfield>
    <subfield code="c">ISSUE</subfield>
  </datafield>
  <datafield tag="952" ind1=" " ind2=" ">
    <subfield code="0">0</subfield>
    <subfield code="1">0</subfield>
    <subfield code="2">ddc</subfield>
    <subfield code="4">0</subfield>
    <subfield code="5">5</subfield>
    <subfield code="7">0</subfield>
    <subfield code="8">SE</subfield>
    <subfield code="a">PD</subfield>
    <subfield code="b">PD</subfield>
    <subfield code="d">2012-04-10</subfield>
    <subfield code="h">a&#xF1;o.1: no.9 (1910: oct.)</subfield>
    <subfield code="i">191010011910100520120410</subfield>
    <subfield code="l">0</subfield>
    <subfield code="o">9</subfield>
    <subfield code="p">16175-1-9-1</subfield>
    <subfield code="r">2020-08-08</subfield>
    <subfield code="t">e.1</subfield>
    <subfield code="w">2020-08-08</subfield>
    <subfield code="y">ISSUE</subfield>
    <subfield code="z">Edici&#xF3;n especial 5to. aniversario.</subfield>
  </datafield>
  <datafield tag="952" ind1=" " ind2=" ">
    <subfield code="0">0</subfield>
    <subfield code="1">0</subfield>
    <subfield code="2">ddc</subfield>
    <subfield code="4">0</subfield>
    <subfield code="5">5</subfield>
    <subfield code="7">0</subfield>
    <subfield code="8">SE</subfield>
    <subfield code="a">PD</subfield>
    <subfield code="b">PD</subfield>
    <subfield code="d">2011-07-05</subfield>
    <subfield code="h">a&#xF1;o.1: no.2-3 (1910: Apr./May)</subfield>
    <subfield code="i">191004011910040620110705</subfield>
    <subfield code="l">0</subfield>
    <subfield code="o">2 y 3</subfield>
    <subfield code="p">16175-2;3-1</subfield>
    <subfield code="r">2020-08-08</subfield>
    <subfield code="t">e.1</subfield>
    <subfield code="w">2020-08-08</subfield>
    <subfield code="y">ISSUE</subfield>
    <subfield code="z">Perteneci&#xF3; a la biblioteca personal de Mart&#xED;nez Boog.</subfield>
  </datafield>
  <datafield tag="952" ind1=" " ind2=" ">
    <subfield code="0">0</subfield>
    <subfield code="1">0</subfield>
    <subfield code="2">ddc</subfield>
    <subfield code="4">0</subfield>
    <subfield code="5">5</subfield>
    <subfield code="7">0</subfield>
    <subfield code="8">SE</subfield>
    <subfield code="a">PD</subfield>
    <subfield code="b">PD</subfield>
    <subfield code="d">2011-07-05</subfield>
    <subfield code="h">a&#xF1;o.1: no.5 (1910: Jun.)</subfield>
    <subfield code="i">191006011910060620110705</subfield>
    <subfield code="l">0</subfield>
    <subfield code="o">5</subfield>
    <subfield code="p">16175-5-1</subfield>
    <subfield code="r">2020-08-08</subfield>
    <subfield code="t">e.1</subfield>
    <subfield code="w">2020-08-08</subfield>
    <subfield code="y">ISSUE</subfield>
    <subfield code="z">Perteneci&#xF3; a la biblioteca personal de Mart&#xED;nez Boog.</subfield>
  </datafield>
  <datafield tag="952" ind1=" " ind2=" ">
    <subfield code="0">0</subfield>
    <subfield code="1">0</subfield>
    <subfield code="2">ddc</subfield>
    <subfield code="4">0</subfield>
    <subfield code="5">5</subfield>
    <subfield code="7">0</subfield>
    <subfield code="8">SE</subfield>
    <subfield code="a">PD</subfield>
    <subfield code="b">PD</subfield>
    <subfield code="d">2011-07-05</subfield>
    <subfield code="h">a&#xF1;o.1: no.6 (1910: Jul.)</subfield>
    <subfield code="i">191007011910070620110705</subfield>
    <subfield code="l">0</subfield>
    <subfield code="o">6</subfield>
    <subfield code="p">16175-6-1</subfield>
    <subfield code="r">2020-08-08</subfield>
    <subfield code="t">e.1</subfield>
    <subfield code="w">2020-08-08</subfield>
    <subfield code="y">ISSUE</subfield>
    <subfield code="z">Perteneci&#xF3; a la biblioteca personal de Mart&#xED;nez Boog.</subfield>
  </datafield>
  <datafield tag="952" ind1=" " ind2=" ">
    <subfield code="0">0</subfield>
    <subfield code="1">0</subfield>
    <subfield code="2">ddc</subfield>
    <subfield code="4">0</subfield>
    <subfield code="5">5</subfield>
    <subfield code="7">0</subfield>
    <subfield code="8">SE</subfield>
    <subfield code="a">PD</subfield>
    <subfield code="b">PD</subfield>
    <subfield code="d">2011-07-05</subfield>
    <subfield code="h">a&#xF1;o.1: no.7 (1910: Ago.)</subfield>
    <subfield code="i">191008011910080620110705</subfield>
    <subfield code="l">0</subfield>
    <subfield code="o">7</subfield>
    <subfield code="p">16175-7-1</subfield>
    <subfield code="r">2020-08-08</subfield>
    <subfield code="t">e.1</subfield>
    <subfield code="w">2020-08-08</subfield>
    <subfield code="y">ISSUE</subfield>
    <subfield code="z">Perteneci&#xF3; a la biblioteca personal de Mart&#xED;nez Boog.</subfield>
  </datafield>
  <datafield tag="999" ind1=" " ind2=" ">
    <subfield code="c">15715</subfield>
    <subfield code="d">15715</subfield>
  </datafield>
</record>
